000 01313nam a22003257a 4500
003 DO-SdBPM
005 20250805101850.0
007 ta
008 171124b1998 mx | |||| 00| 0 spa d
020 _a0256036988
040 _aDO-SdBPM
_bspa
_cBPMSU
_erda
082 4 _a658.4
_bT468d 1998
_222
100 1 _aThompson, Arthur A.,
_d1940-
_eautor
245 1 0 _aDirección y administración estratégicas :
_bcoceptos, casos y lecturas /
_cArthur A. Thompson, A. J. Strickland ; versión en español de Patricia Ibarra Colado y Miguel Ángel Sánchez Carrión con la colaboración de Joan María Amat i Salas.
264 _aMéxico :
_bMcGraw-Hill,
_c1998
300 _a1034 páginas ;
_c28 cm
336 _atexto
_btxt
_2rdacontent
337 _asin mediación
_bn
_2rdamediación
338 _avolument
_bnc
_2rdacarrier
534 _pTítulo original:
_t Strategic management: concepts and cases.
590 _aInventariado, 2025/VM
650 7 _aAdministración de empresas.
650 7 _aPlanificación empresarial.
700 1 _aStrickland, A. J.
_eautor
700 1 _aIbarra Colado, Patricia,
_eeditor
700 1 _aSánchez Carrión, Miguel Ángel,
_etraductor
700 1 _aAmat i Salas, Joan María.
_ecolaboración
910 _aVMateo V. Control de calidad. BPMSU
942 _2ddc
_cBK
999 _c13062
_d13062